| 000 | 00484nam a22001697a 4500 | ||
|---|---|---|---|
| 082 | _aP-817 | ||
| 100 |
_aNawab, Ghani _951661 |
||
| 245 | _aRun of river hydel power generation (Pilot study on kabul river) | ||
| 260 |
_aRisalpur, _bMCE, _c2019. |
||
| 300 |
_a60p. _bill. _c30cm. |
||
| 526 |
_a0 _b0 _c0 _dP_817 |
||
| 700 |
_aAbid, Dr Irfan _951662 |
||
| 700 |
_aMuhammad Luqman _951663 |
||
| 710 |
_aShakeel Ur rehman _951664 |
||
| 710 |
_aYasin Fazal Karim _951665 |
||
| 942 |
_2ddc _cBK |
||
| 999 |
_c554256 _d554256 |
||